000 00940nam a2200217Ia 4500
999 _c39855
_d39855
001 6460
003 GE_BSU
005 20191009113952.0
008 181216s1948||||g |||||||||||||| ||ge ||
040 _cGE_BSU
041 _ageo
080 _a821.353.1-311.6 ბ-45
100 _aბელიაშვილი, აკაკი
_94491
245 _aთავგადასავალი ბესიკ გაბაშვილისა :
_bრომანი. წ. 1 / ა.
_cაკაკი ბელიაშვილი ; რედ. რ. გვეტაძე.
264 _aთბილისი :
_bსაბჭ.საქართველო ;
_c1948.
300 _a276 გვ. ;
_c21 სმ.
653 _aთავგადასავალი ბესიკ გაბაშვილისა
653 _aრომანი
700 _aგვეტაძე, რ.
_eრედაქტორი
_93715
942 _cBK
_2udc